Vestník Slovenskej akadémie vied

Bibliographic Details
New Title:Vestník ČSAV
Previous Title:Zpravodaj Akadémie
Format: Journal
Language:Slovak
PhysicalDescription:2 zv. 24 cm
Published: Bratislava Vydavateľstvo Slovenskej akadémie vied 1959-1960
Subjects:

MARC

LEADER 00000cas a2200000 a 4500
001 vtls010302503
003 SK-MaSNL
005 20260228162855.0
008 110810d19591960xo qr|p 0 b0slo
040 |a SNK  |b slo  |c SNK  |e AACR2 
041 0 |a slo 
043 |a e-xo--- 
044 |a xo  |c SK 
072 7 |a 00  |x Veda. Všeobecnosti. Základy vedy a kultúry. Vedecká práca  |2 konspekt 
080 |a 001  |2 2001 
080 |a 061  |2 2001 
080 |a 050  |2 2001 
245 0 0 |a Vestník Slovenskej akadémie vied 
260 |a Bratislava  |b Vydavateľstvo Slovenskej akadémie vied  |c 1959-1960 
300 |a 2 zv.  |c 24 cm 
310 |a 4x ročne 
362 0 |a Roč. I, č. 1 (1959)-roč. II, č. 4 (okt. 1960) 
500 |a Vyd. Vydavateľstvo Slovenskej akadémie vied v Bratislave 
500 |a Tlač. Pravda, vyd. ÚV KSS, záv. Košice, od č. 1/(1960) záv. Žilina 
500 |a Povolené výmerom PŠK č. 14853/59-Y-058559 
500 |a Výkonný redaktor: Róbert Vlach 
580 |a Pokračoval ako Vestník ČSAV, ktorý sa stal ústredným tlač. orgánom oboch akadémií 
650 0 7 |a veda  |2 SNKPH  |9 1599 
650 0 7 |a vedecké inštitúcie a organizácie  |2 SNKPH  |9 71697 
655 7 |a špecializované časopisy  |2 SNKPH  |9 70509 
700 1 |a Vlach, Róbert,  |d 1922-1990  |4 lso  |9 241506 
780 0 0 |t Zpravodaj Akadémie  |w vtls010300963 
785 0 0 |t Vestník ČSAV 
852 |a snk 
916 |a 1959-1960 
958 |a OND 
999 |c 8478  |d 10408 
952 |0 0  |1 0  |4 0  |7 0  |8 0  |a SNK  |b SNK  |d 2000-01-11  |f 1  |i snkČSP 1165/60  |l 0  |o snkČSC 919/1/1959  |p 17A0223475  |r 2005-01-02 00:00:00  |t č. 1-4  |w 2026-02-21  |y PREZ 
952 |0 0  |1 0  |3 rekatalogizácia  |4 0  |7 0  |a SNK  |b SNK  |d 2007-02-07  |i snkČSP 1164/60  |l 0  |o snkČSC 919/1/1959 D1  |p 17A0532189  |r 2026-02-21 20:19:42  |t č. 1-4  |w 2026-02-21  |y PREZ 
952 |0 0  |1 0  |4 0  |7 0  |a SNK  |b SNK  |d 2015-05-21  |f 1  |i snkČSP 1803/61  |l 0  |o snkČSC 919/2/1960  |p 17A0793559  |r 2026-02-21 21:34:52  |t č. 1-4  |w 2026-02-21  |y PREZ